000 00509nam a2200157 4500
003 CO-ViMGA
020 _a9789583046261
040 _aCO-ViMGA
_bspa
_cCO-ViMGA
082 0 4 _a611
_bC82
245 1 0 _aCuerpo Humano
_bDescubre lo que hay dentro
_cCesar Cardozo Tovar, Andrea Moure Bejarano
260 _aBogotá
_bPanamericana,
_c2012
300 _a12 p. :
_bil, laminas, : 22 cm.
650 1 4 _aAnatomía
_vFuncionamiento del cuerpo humano
_96248
700 1 _aAndrea Moure Bejarano
_eTr.
_96249
942 _2ddc
_cBK
999 _c37480
_d37480